Κυβέρνηση, συλλογική λειτουργία και πολιτική ευθύνη
Αποθηκεύτηκε σε:
| Κύριος συγγραφέας: | |
|---|---|
| Μορφή: | Βιβλίο |
| Γλώσσα: | Greek |
| Δημοσίευση: |
Αθήνα :
Σάκκουλας,
1991.
|
| Σειρά: | Δημοσιεύματα συνταγματικού δικαίου ;
v.6 |
| Θέματα: | |
| Ετικέτες: |
Προσθήκη ετικέτας
Δεν υπάρχουν, Καταχωρήστε ετικέτα πρώτοι!
|
MARC
| LEADER | 00000cam a2200000 i 4500 | ||
|---|---|---|---|
| 001 | 1/97564 | ||
| 008 | 991222s1991 gr | ||| |||| ||gre|| | ||
| 035 | |l 10056184 | ||
| 040 | |a GR-MY-UA |b gre |e aacr | ||
| 041 | 0 | |a gre | |
| 082 | 7 | |a 342 |2 (22) | |
| 100 | 1 | |a Λοβέρδος, Ανδρέας Ν., |d 1956- | |
| 245 | 1 | 0 | |a Κυβέρνηση, συλλογική λειτουργία και πολιτική ευθύνη / |c Ανδρέας Ν. Λοβέρδος. |
| 260 | |a Αθήνα : |b Σάκκουλας, |c 1991. | ||
| 300 | |a 371 σ. ; |c 21 εκ. | ||
| 490 | 1 | |a (Δημοσιεύματα συνταγματικού δικαίου ; |v vol.6) | |
| 500 | |a Συμβολή στην ερμηνεία των άρθρων 82, 84 και 85 του Συντάγματος, με βάση την εμπειρία 1974-89. | ||
| 504 | |a Βιβλιογραφία : σ. [347]-367. Ευρετήριο. | ||
| 650 | 0 | 0 | |a Constitutional law. |
| 830 | 0 | |a Δημοσιεύματα συνταγματικού δικαίου ; |v v.6 | |
| 852 | |a INST |b LESVOS |e 19991222 |h 342 ΛΟΒ |p 005100022280 |q 005100022280 |t BK |y 0 | ||
| 901 | |a BIBL1-2000-1 | ||
| 909 | |a Λ |b 071744 | ||
| 922 | |a 1ΕΛΗ |b 199912 |c ΤΑΚ/ΤΚ |d ΠΑΠΑΣΩΤΗΡΙΟΥ | ||
| 950 | |a 103-1999-11-11 | ||
| 970 | |a ΤΖΑΦΕΡΗ |b ΕΥΑΓΓΕΛΙΑ |z 2000/01/04 | ||